000 01403nam a2200301 a 4500
001 60708
003 BD-RjUL
005 20211209080856.0
008 170102s1996 bg a s o000 0 eng d
020 _a9845082289
_c: Tk. 400.00
035 _a(BD-RjUL) 60832
040 _aDLC
_cDLC
_dDLC
_dBD-RjUL
_beng
041 0 _aengben
082 _223
_a304.6095492021
_bNAO 1996 (ZS)
110 _aBangladesh Bureau Of Statistics.
_9179266
245 1 0 _aBangladesh population census, 1991 = বাংলাদেশ আদমশুমারী, ১৯৯১ :
_bZila series, Zila: Naogaon= জেলা সিরিজ, জেলা: নওগাঁ /
_cBangladesh Bureau Of Statistics.
246 _aবাংলাদেশ আদমশুমারী, ১৯৯১ :
_bজেলা সিরিজ, জেলা: নওগাঁ
260 _aDhaka :
_bBangladesh Bureau of Statistics,
_c1996.
300 _axviii, 466 p. :
_bill. ;
_c28 cm.
490 _aZila series, Zila: Naogaon
490 _aজেলা সিরিজ, জেলা: নওগাঁ
500 _aPrefatory matter in Bengali and English.
651 0 _aBangladesh
_z Naogaon
_vCensus,1991
_9179987
651 0 _aBangladesh
_z Naogaon
_xPopulation
_vStatistics
_9180871
_y1991
830 _aZila series, Zila: Naogaon
_9182038
830 _aজেলা সিরিজ, জেলা: নওগাঁ
_9180628
942 _2ddc
_cRAR
999 _c60708
_d60708